| 000 | 00535nam a2200217Ia 4500 | ||
|---|---|---|---|
| 008 | 210210b2006 xxu||||| |||| 00| 0 eng d | ||
| 020 | _a0852260013 | ||
| 041 | _aeng | ||
| 082 | _a547 MUKO | ||
| 100 | _aMUKHERJI (S M) | ||
| 245 | _aOrganic chemistry Vol.2 | ||
| 260 |
_aNew Delhi _bNew Age International (P) Limited, Publishers _c2006 |
||
| 300 | _axi,460-958 | ||
| 440 | _aII | ||
| 650 | _aVol.2 | ||
| 650 | _aOrganic | ||
| 650 | _achemistry | ||
| 690 | _aOrganic Chemistry | ||
| 700 | _aSINGH (S P) | ||
| 906 | _a061930 | ||
| 999 |
_c115841 _d115841 |
||